| Поле | Инд. | ПП | Название | Значение |
|---|---|---|---|---|
| Тип записи | a | |||
| Библиографический уровень | b | |||
| 001 | Контрольный номер | d3d90f2ec3f047e7a9a6b868d2a8ec70 | ||
| 005 | Дата корректировки | 20220517160052.8 | ||
| 024 | 80 | a | Стандартный номер | DOI: 10.3367/UFNr.0186.201604b.0387 |
| 040 | a | Служба первич. каталог. | Scopus | |
| 041 | 0_ | a | Код языка текста | eng |
| 097 | a | Костяева О.Г. | ||
| 100 | 1_ | a | Автор | - |
| 100 | 1_ | q | Полное имя | Калиновский Юрий Леонидович |
| g | Прочие сведения | РИНЦ AuthorID: 10994 (http://elibrary.ru/author_items.asp?authorid=10994); Scopus Author ID: 6701716933 (https://www.scopus.com/authid/detail.uri?authorId=6701716933); ResearcherID: C-1499-2015 (http://www.researcherid.com/rid/C-1499-2015) | ||
| u | Дополнение | Калиновский Ю. Л.; Kalinovsky Yu L. | ||
| c | Титул (звания) | доцент; доктор физико-математических наук | ||
| i | 000091434 | |||
| k | Кафедра высшей математики; Общеобразовательные кафедры | |||
| a | Автор | Kalinovsky Yu. L. | ||
| 245 | 10 | a | Заглавие | Phase diagram of baryon matter in the SU(2) Nambu+Jona-Lasinio model with a Polyakov loop |
| 550 | a | Прим. об изд. организации | Кафедра высшей математики; Общеуниверситетские кафедры | |
| 773 | 18 | t | Название источника | Physics-Uspekhi |
| d | Место и дата издания | 2016 | ||
| b | Сведения об издании | Turpion Limited | ||
| c | United Kingdom | |||
| m | Специф. данные | входит в Scopus; входит в WoS; входит в ядро РИНЦ; ненулевой импакт-фактор | ||
| p | Phys. Usp. | |||
| x | ISSN | 1063-7869 | ||
| g | Прочая информация | V. 59. - № 4. - P. 367 - 382 | ||
| w | Контрольный № источника | 271c1318afe54c3bba74688ba6b251f5 | ||
| n | Примечание | Успехи физических наук | ||
| 901 | t | Тип документа | b | |
| 952 | c | Вид литературы | статья в журнале |